Europe Map Quiz - Heads of State/Government (Executives) 2025 - Statistics

General Stats
  • This quiz has been taken 94 times
    40 since last reset
  • The average score is 22 of 45
Answers on the Map
Answers color-coded by a green-red scale on the quiz's map according to % correct below.
 
Answer Stats
Answer % Correct
Emmanuel Macron (President)
93%
Vladimir Putin (President)
93%
Volodymyr Zelenskyy (President)
93%
Alexander Lukashenko (President)
79%
Giorgia Meloni (Prime Minister)
79%
Keir Starmer (Prime Minister)
79%
Olaf Scholz (Chancellor)
79%
Dick Schoof (Prime Minister)
71%
Kyriakos Mitsotakis (Prime Minister)
71%
Bart De Wever (Prime Minister)
64%
Kristrún Frostadóttir (Prime Minister)
64%
Pope Leo XIV (Sovereign)
64%
Viktor Orbán (Prime Minister)
64%
Albert II (Sovereign Prince)
57%
Donald Tusk (Prime Minister)
57%
Jonas Gahr Støre (Prime Minister)
57%
Mette Frederiksen (Prime Minister)
57%
Micheál Martin (Taoiseach)
57%
Pedro Sánchez (Prime Minister)
57%
Christian Stocker (Chancellor)
50%
Hans-Adam II (Prince Regnant)
50%
Petteri Orpo (Prime Minister)
50%
Ulf Kristersson (Prime Minister)
50%
Xavier Espot Zamora (Prime Minister)
50%
Edi Rama (Prime Minister)
43%
Karin Keller-Sutter (President)
43%
Luc Frieden (Prime Minister)
43%
Petr Fiala (Prime Minister)
43%
Robert Fico (Prime Minister)
43%
Francesca Civerchia (Captain Regent)
36%
Kristen Michal (Prime Minister)
36%
Luís Montenegro (Prime Minister)
36%
Robert Abela (Prime Minister)
36%
Albin Kurti (Prime Minister)
29%
Cătălin Predoiu (Prime Minister)
29%
Robert Golob (Prime Minister)
29%
Rosen Zhelyazkov (Prime Minister)
29%
Željka Cvijanović (President)
29%
Andrej Plenković (Prime Minister)
21%
Dorin Recean (Prime Minister)
21%
Evika Siliņa (Prime Minister)
21%
Gintautas Paluckas (Prime Minister)
21%
Hristijan Mickoski (Prime Minister)
21%
Đuro Macut (Prime Minister)
14%
Milojko Spajić (Prime Minister)
14%
No matching quizzes found
Score Distribution
Percent of People with Each Score
Percentile by Number Answered
Your Score History
You have not taken this quiz since the last reset